[Event "Llinars del Valles op-B 13th"]
[Site "Llinars del Valles"]
[Date "2019.04.27"]
[Round "3"]
[White "Escalona, Rafael"]
[Black "Sanchez Saez, Salvador"]
[Result "1-0"]
[WhiteElo "1847"]
[BlackElo "1485"]
[PlyCount "55"]
[EventDate "2019.03.30"]
[EventType "swiss"]
[EventRounds "8"]
[EventCountry "ESP"]
[SourceTitle "EXT 2020"]
[Source "ChessBase"]
[SourceDate "2019.10.17"]
[SourceVersion "1"]
[SourceVersionDate "2019.10.17"]
[SourceQuality "1"]

1. e4 e5 2. Nf3 Nc6 3. Bc4 Bc5 4. c3 d6 5. d4 exd4 6. cxd4 Bb4+ 7. Bd2 Bxd2+ 8. Nbxd2 Bg4 9. Bb5 Qe7 10. d5 a6 11. dxc6 axb5 12. cxb7 Rb8 13. Qc2 Nf6 14. 0-0 0-0 15. Rfe1 Rxb7 16. e5 Nd7 17. exd6 Qxd6 18. Rad1 Nf6 19. Ne4 Qa6 20. Nc5 Qc6 21. Ne5 Bxd1 22. Rxd1 Qe8 23. Ned7 Nxd7 24. Nxd7 Qe7 25. Nxf8 Kxf8 26. Qxh7 Qe2 27. Qh8+ Ke7 28. Qd8+ 1-0